[Event "Let's Play Chess!"]
[Site "http://www.queenalice.com/game.php?id=1787364"]
[Date "2022.4.21"]
[Round "-"]
[White "rhardt"]
[Black "Bano"]
[Result "0-1"]
[WhiteElo "1880"]
[BlackElo "1664"]

1. c4 e5 2. Nc3 c6 3. e4 Bc5 4. Nge2 Qf6 5. f3 Bb4 6. d3 Bxc3+ 7. bxc3 Ne7 8.
Be3 b6 9. d4 O-O 10. g3 Ba6 11. Qb3 Qxf3 0-1

[Event "Let's Play Chess!"]
[Site "http://www.queenalice.com/game.php?id=1787365"]
[Date "2022.4.21"]
[Round "-"]
[White "lmtz"]
[Black "Bano"]
[Result "1-0"]
[WhiteElo "2573"]
[BlackElo "1666"]

1. e4 e5 2. Nf3 Qf6 3. Bc4 Nc6 4. Nc3 Nge7 5. Nb5 Rb8 6. Nxc7+ Kd8 7. Nd5 Nxd5
8. Bxd5 Bc5 9. c3 Ne7 10. d4 exd4 11. Bg5 Qb6 12. b4 Bd6 13. Nxd4 h6 14. Be3
Nxd5 15. Ne6+ 1-0

[Event "Let's Play Chess!"]
[Site "http://www.queenalice.com/game.php?id=1787410"]
[Date "2022.4.21"]
[Round "-"]
[White "Clemente09"]
[Black "Bano"]
[Result "0-1"]
[WhiteElo "1370"]
[BlackElo "1669"]

1. d4 d5 2. Bf4 Nc6 3. e3 Bf5 4. c4 e6 5. Nf3 Bg4 6. Nc3 Bxf3 7. Qxf3 Bd6 8.
cxd5 exd5 9. Qxd5 Nf6 10. Qb5 Rb8 11. d5 a6 12. Qa4 b5 13. Qb3 Na5 14. Qc2 Bxf4
15. exf4 Qe7+ 16. Be2 O-O 17. a3 c6 18. b4 Nc4 19. dxc6 Qc7 20. a4 Qxc6 21. O-O
Rbd8 22. axb5 axb5 23. Bf3 Qd6 24. Nxb5 Qxf4 25. g3 Qxf3 26. Qxc4 Ng4 27. Ra2
Rc8 28. Qd4 h5 29. h3 Nf6 30. Ra3 Qe2 31. Nc3 Qb2 32. Nb5 Qe2 33. Re3 Qxb5 34.
Rb1 Rc4 35. Qd6 h4 36. g4 Ne8 37. Qd2 Nf6 38. f3 Qb8 39. b5 Qg3+ 40. Qg2 Qf4 41.
Rbe1 Qb8 42. g5 Nd5 43. Re5 Qxb5 44. Qe2 Rb4 45. Qxb5 Rxb5 46. f4 f6 47. Rf5 g6
0-1

[Event "Let's Play Chess!"]
[Site "http://www.queenalice.com/game.php?id=1787411"]
[Date "2022.4.21"]
[Round "-"]
[White "Clemente09"]
[Black "Bano"]
[Result "0-1"]
[WhiteElo "1523"]
[BlackElo "1621"]

1. f3 e5 2. Kf2 Bc5+ 3. e3 Qh4+ 4. g3 Qf6 5. c3 Nh6 6. b4 Bd6 7. a4 O-O 8. d4 e4
9. f4 g5 10. Nh3 gxf4 11. Nxf4 Bxf4 12. exf4 d5 13. c4 Bg4 14. Be2 Bxe2 15. Qxe2
Qxd4+ 16. Be3 Qxa1 17. cxd5 Qxa4 18. Bc5 Re8 19. Nc3 Qa6 20. Qh5 Qg6 21. Qe2
Ng4+ 22. Kg2 b6 23. h3 Nf6 24. Bd4 Nh5 25. Bf2 Nxf4+ 26. Kh2 Nxe2 27. Nxe2 e3
28. Be1 Qc2 29. h4 Qxe2+ 30. Kh3 Qf3 31. Rg1 Qxd5 32. Bc3 e2 33. Re1 Qf5+ 34.
Kg2 Re3 35. Bd2 Qf3+ 36. Kg1 Qxg3+ 0-1

[Event "Challenge"]
[Site "http://www.queenalice.com/game.php?id=1787429"]
[Date "2022.4.21"]
[Round "-"]
[White "Bano"]
[Black "lmtz"]
[Result "0-1"]
[WhiteElo "1668"]
[BlackElo "2577"]

1. d4 Nf6 2. Nc3 d5 3. Bg5 e6 4. Bxf6 Qxf6 5. Nf3 Bb4 6. a3 Bxc3+ 7. bxc3 O-O 8.
h4 Nc6 9. e3 e5 10. dxe5 Nxe5 11. Nd4 c5 12. Nb5 Bg4 13. Qxd5 Rfd8 14. Qxc5 Rac8
15. Qb4 Nf3+ 16. gxf3 Qxf3 17. Nd4 Qxh1 18. Kd2 Qxh4 19. Ke1 Re8 20. Be2 Rxe3
21. Qxb7 Rce8 22. Kd2 Qxf2 23. Re1 Qf4 0-1

[Event "Let's Play Chess!"]
[Site "http://www.queenalice.com/game.php?id=1787434"]
[Date "2022.4.24"]
[Round "-"]
[White "alterego"]
[Black "Bano"]
[Result "1-0"]
[WhiteElo "1493"]
[BlackElo "1666"]

1. d4 d5 2. g3 e6 3. Bg2 h6 4. Nf3 g5 5. O-O g4 6. Ne5 Nf6 7. c3 Bd6 8. Bf4 Bxe5
9. Bxe5 Nc6 10. Bf4 h5 11. Bg5 Rg8 12. Qd2 Rg6 13. f4 Qd6 14. Na3 Ne4 15. Bxe4
dxe4 16. Nc4 Qd5 17. Ne3 Qd6 18. Nc4 Qd7 19. Bh4 b5 20. Ne5 Nxe5 21. fxe5 Qd5
22. Qf4 c5 23. Qxf7# 1-0

[Event "Let's Play Chess!"]
[Site "http://www.queenalice.com/game.php?id=1787435"]
[Date "2022.4.22"]
[Round "-"]
[White "Icecream"]
[Black "Bano"]
[Result "1-0"]
[WhiteElo "1851"]
[BlackElo "1641"]

1. e4 e5 2. Nf3 Nc6 3. Bc4 Nf6 4. O-O Nxe4 5. Re1 Nd6 6. d4 Nxc4 7. b3 Nd6 8.
dxe5 Nf5 9. Bf4 Be7 10. Nc3 Ba3 11. e6 dxe6 12. Qxd8+ Kxd8 13. Bxc7+ Ke7 14.
Rad1 Kf6 15. Ne4+ Kg6 16. g4 Nfe7 17. Nh4+ Kh6 18. Bf4+ g5 19. Bxg5+ Kg7 20.
Bf6+ Kg8 21. Ng5 Bb4 22. Re5 Ng6 23. Nxg6 hxg6 24. Bxh8 Be7 25. Rb5 Kxh8 26.
Nxf7+ Kg7 27. Ne5 Nxe5 28. Rxe5 Bf6 29. Re4 e5 30. g5 Bf5 31. Re3 Bxg5 32. Rxe5
Bxc2 33. Rd7+ Kf6 34. Red5 Bf5 35. Rxb7 Be4 36. Rd6+ Ke5 37. Rd1 Rh8 38. Rb5+
Kf4 39. Rd4 a6 40. Rxg5 Kxg5 41. Rxe4 Rc8 42. Rc4 Re8 43. Kg2 Re2 44. a4 Re5 45.
f4+ 1-0

[Event "Let's Play Chess!"]
[Site "http://www.queenalice.com/game.php?id=1787436"]
[Date "2022.4.24"]
[Round "-"]
[White "alterego"]
[Black "Bano"]
[Result "1-0"]
[WhiteElo "1500"]
[BlackElo "1625"]

1. d4 d5 2. g3 e6 3. Bg2 h6 4. Nf3 g5 5. O-O g4 6. Ne5 h5 7. Qd2 Bd6 8. f4 Bxe5
9. fxe5 Nc6 10. Nc3 h4 11. Qf4 f6 12. Qxg4 f5 13. Qg6+ Kd7 14. Nb5 Nge7 15. Bg5
a6 16. Nc3 Nxd4 17. Nxd5 c6 18. Nxe7 Qe8 19. Rad1 c5 20. Qg7 Kc7 21. Nd5+ Kb8
22. Nb6 Rg8 23. Qh6 Rh8 24. Qf6 Rf8 25. Qe7 Ra7 26. Qxc5 Nc6 27. Nxc8 Qxc8 28.
Be3 b6 29. Qxb6+ Rb7 30. Qxa6 Rff7 31. Bxc6 h3 32. Rf4 Qxc6 33. Qxc6 1-0

[Event "Let's Play Chess!"]
[Site "http://www.queenalice.com/game.php?id=1787437"]
[Date "2022.4.23"]
[Round "-"]
[White "game"]
[Black "Bano"]
[Result "0-1"]
[WhiteElo "1113"]
[BlackElo "1662"]

1. e4 e5 2. Nf3 Nc6 3. Nc3 Bb4 4. a3 Bxc3 5. bxc3 Nf6 6. Bd3 O-O 7. O-O d5 8.
exd5 Qxd5 9. c4 Qc5 10. a4 e4 11. Ba3 Nb4 12. c3 Qh5 13. Bxb4 Re8 14. Re1 exf3
15. g3 Bg4 16. Qc2 c5 17. Ba5 b6 18. h3 Qxh3 19. Re3 Qg2# 0-1

[Event "Challenge"]
[Site "http://www.queenalice.com/game.php?id=1787730"]
[Date "2022.4.26"]
[Round "-"]
[White "jjjcarvalho"]
[Black "Bano"]
[Result "1-0"]
[WhiteElo "1715"]
[BlackElo "1684"]

1. d4 d5 2. Nf3 Bg4 3. h3 Bxf3 4. gxf3 h6 5. Bg2 Qd6 6. Nc3 e6 7. f4 Nd7 8. Rg1
O-O-O 9. Qd3 Ngf6 10. a3 Be7 11. b4 Nh5 12. e3 g5 13. fxg5 Qh2 14. Kf1 Bxg5 15.
b5 Ng3+ 16. fxg3 Qxg3 17. a4 Bh4 18. Qe2 f5 19. Bxd5 Qd6 20. Bf3 Rdg8 21. Bd2
Rxg1+ 22. Kxg1 Rg8+ 23. Kh1 e5 24. dxe5 Qxe5 25. Rg1 Rd8 26. Be1 Be7 27. Nd5 Bc5
28. Bg3 Qb2 29. Nxc7 Qc3 30. Re1 Bb6 31. Nd5 Qg7 32. Nxb6+ Nxb6 33. Rg1 Nxa4 34.
Qc4+ Kd7 35. Rd1+ Ke8 36. Rxd8+ Kxd8 37. Qd4+ Qd7 38. Qxd7+ Kxd7 39. Bxb7 Nc3
40. Bc6+ Kc8 41. Kg2 Nd1 42. Kf3 Nc3 43. Kf4 Nd1 44. c4 Nc3 45. Kxf5 Ne2 46. Be5
Ng1 47. h4 Nh3 48. Kg6 Nf2 49. Bf3 Nd3 50. Bg7 Ne1 51. Bg4+ Kc7 52. Kxh6 Ng2 53.
h5 Nxe3 54. Kg5 Nxc4 55. h6 Kb6 56. h7 Kxb5 57. h8=Q a5 58. Be2 a4 59. Bxc4+
Kxc4 60. Ba1 Kb3 61. Qb2+ Kc4 62. Qa3 Kb5 63. Bc3 1-0

[Event "Challenge"]
[Site "http://www.queenalice.com/game.php?id=1787973"]
[Date "2022.4.29"]
[Round "-"]
[White "Bano"]
[Black "piemme"]
[Result "0-1"]
[WhiteElo "1604"]
[BlackElo "1493"]

1. d4 d5 2. Nf3 Nf6 3. Bg5 e6 4. a3 Be7 5. Bxf6 Bxf6 6. e3 O-O 7. Nc3 Nd7 8. Be2
c6 9. O-O c5 10. Bb5 c4 11. Bxd7 Qxd7 12. Ne5 Bxe5 13. dxe5 Qc7 14. Qd4 a6 15.
h4 b5 16. g4 Qd8 17. g5 g6 18. Qg4 Qc7 19. f4 Qc5 20. Nd1 d4 21. exd4 Qxd4+ 22.
Rf2 Bb7 23. h5 Qd5 24. Kf1 Qh1+ 25. Ke2 gxh5 0-1

[Event "Let's Play Chess!"]
[Site "http://www.queenalice.com/game.php?id=1788154"]
[Date "2022.5.3"]
[Round "-"]
[White "Icecream"]
[Black "Bano"]
[Result "1-0"]
[WhiteElo "1819"]
[BlackElo "1582"]

1. e4 e5 2. Nf3 Nc6 3. Bc4 Qf6 4. c3 Nce7 5. d3 Nc6 6. Be3 d6 7. Nbd2 Bg4 8. O-O
Bxf3 9. Nxf3 h6 10. Bd5 Nge7 11. Bxc6+ Nxc6 12. a3 h5 13. Bg5 Qg6 14. Qd2 f6 15.
Nh4 Qf7 16. Be3 g5 17. Nf5 h4 18. d4 h3 19. g3 Qh7 20. Qe2 O-O-O 21. Qg4 Kb8 22.
d5 Na5 23. b4 Nc4 24. a4 Nxe3 25. fxe3 Qf7 26. c4 Rh7 27. b5 a5 28. bxa6 bxa6
29. Rf2 Kc8 30. Nxd6+ 1-0

[Event "Let's Play Chess!"]
[Site "http://www.queenalice.com/game.php?id=1788155"]
[Date "2022.5.3"]
[Round "-"]
[White "Icecream"]
[Black "Bano"]
[Result "0-1"]
[WhiteElo "1770"]
[BlackElo "1575"]

1. e4 e5 2. Nf3 d6 3. Bc4 Qf6 4. b3 Qg6 5. O-O Bg4 6. c3 Nd7 7. d3 Ngf6 8. h3
Bxf3 9. Qxf3 Qh5 10. g4 Qg6 11. h4 Qxg4+ 12. Qxg4 Nxg4 13. d4 Be7 14. dxe5 dxe5
15. Nd2 Bxh4 16. Nf3 Be7 17. Be2 Ngf6 18. Be3 Ba3 19. b4 Bb2 20. Rad1 Bxc3 21.
Rc1 Bxb4 22. Rxc7 b6 23. Bb5 O-O 24. Bxd7 Bd6 25. Rc6 Bc5 26. Nxe5 Nxe4 27. Bxc5
bxc5 28. Re1 Nc3 29. Rxc5 Nxa2 30. Rc2 Nb4 0-1

[Event "Challenge"]
[Site "http://www.queenalice.com/game.php?id=1788163"]
[Date "2022.5.3"]
[Round "-"]
[White "lmtz"]
[Black "Bano"]
[Result "1-0"]
[WhiteElo "2580"]
[BlackElo "1643"]

1. e4 e5 2. Nf3 d6 3. d4 Bg4 4. dxe5 Bxf3 5. Qxf3 dxe5 6. Qb3 b6 7. Nc3 c6 8.
Be3 Nd7 9. Bc4 Ke7 10. Bxf7 Nc5 11. Bxc5+ Kf6 12. Qe6+ 1-0

[Event "Let's Play Chess!"]
[Site "http://www.queenalice.com/game.php?id=1788574"]
[Date "2022.5.10"]
[Round "-"]
[White "Charles56"]
[Black "Bano"]
[Result "0-1"]
[WhiteElo "1748"]
[BlackElo "1633"]

1. d4 d5 2. h3 Nf6 3. Nc3 Bf5 4. Nf3 Nc6 5. a3 e6 6. Bg5 Be7 7. e3 Nh5 8. Bxe7
Qxe7 9. Bd3 Bxd3 10. Qxd3 f5 11. g4 fxg4 12. hxg4 Nf6 13. g5 Nd7 14. Rxh7 Rxh7
15. O-O-O Rh3 16. Qe2 O-O-O 17. Rg1 Rf8 18. Rg3 Rxg3 19. fxg3 Rh8 20. b4 Rh1+
21. Kb2 Nb6 22. Na2 Nc4+ 23. Kb3 Rb1+ 24. Kc3 Nxa3 25. Nd2 Rg1 26. Kb3 Nb1 27.
Nxb1 Rxb1+ 28. Kc3 Qxg5 29. Qf2 Qf6 30. Qxf6 gxf6 31. g4 Rg1 32. Kd3 Rxg4 33. c3
b5 0-1

[Event "Let's Play Chess!"]
[Site "http://www.queenalice.com/game.php?id=1788575"]
[Date "2022.5.10"]
[Round "-"]
[White "Bano"]
[Black "Charles56"]
[Result "0-1"]
[WhiteElo "1654"]
[BlackElo "1652"]

1. d4 d5 2. Nf3 h6 3. Bf4 Nc6 4. e3 a6 5. c4 dxc4 6. Bxc4 Bg4 7. Qb3 Be6 8. Bxe6
fxe6 9. Qxe6 Qd7 10. Qxd7+ Kxd7 11. Nc3 g5 12. Be5 Rh7 13. O-O e6 14. d5 Nxe5
15. Nxe5+ Kd6 16. Nc4+ Kc5 17. Ne5 exd5 18. Na4+ Kd6 19. Nd3 Re8 20. Rfe1 Nf6
21. Nac5 Kc6 22. Na4 b5 23. Rac1+ Kb7 24. Nac5+ Kb6 25. Nb3 c5 26. Nd2 c4 27. a3
cxd3 28. Rc3 Ne4 29. Nxe4 dxe4 30. g3 Bg7 31. Rb3 a5 32. a4 b4 33. Kg2 g4 34. h3
gxh3+ 35. Kxh3 Re5 36. Kg4 Rg5+ 37. Kf4 Bf6 38. Kxe4 d2 39. Rd1 Re5+ 40. Kf3 Rd7
41. Ke2 Red5 42. e4 Rc5 43. Rf3 Bg5 0-1

[Event "Challenge"]
[Site "http://www.queenalice.com/game.php?id=1789508"]
[Date "2022.5.25"]
[Round "-"]
[White "crisvolei"]
[Black "Bano"]
[Result "0-1"]
[WhiteElo "1519"]
[BlackElo "1673"]

1. e4 e5 2. Nf3 d6 3. Bc4 Be6 4. Bxe6 fxe6 5. d3 Nf6 6. Ng5 Qd7 7. Qf3 h6 8. O-O
hxg5 9. Bxg5 Nh7 10. Qh5+ Qf7 11. Qh4 Nd7 12. f4 exf4 13. Rxf4 Ndf6 14. Bxf6
gxf6 15. Rxf6 Qg7 16. Rxe6+ Be7 17. Nc3 Ng5 18. Qg4 Nxe6 19. Qxe6 Rh6 20. Qc4
Kd7 21. Qb5+ Kc8 22. Qe8+ Bd8 23. Rf1 Rf6 24. Nd5 Rxf1+ 25. Kxf1 Qd7 26. Qf8 c6
27. Nf6 Qe7 28. Qg8 Qxf6+ 29. Ke2 Qxb2 30. Qg4+ Kc7 31. h4 Qxc2+ 32. Ke3 Qxa2
33. Qg7+ Kb6 34. Qd4+ Ka6 35. h5 Bg5+ 36. Kf3 Qf7+ 37. Ke2 Qxh5+ 38. Kf2 Rf8+
39. Kg1 Qd1+ 40. Kh2 Bf4+ 41. g3 Bxg3+ 42. Kxg3 Rf3+ 43. Kg4 Rf2+ 44. Kg5 Qg1+
0-1

[Event "Challenge"]
[Site "http://www.queenalice.com/game.php?id=1789509"]
[Date "2022.5.25"]
[Round "-"]
[White "Bano"]
[Black "crisvolei"]
[Result "1-0"]
[WhiteElo "1657"]
[BlackElo "1516"]

1. Nf3 e6 2. a3 b5 3. a4 Ba6 4. e4 Bc5 5. d4 Bb4+ 6. c3 Qe7 7. axb5 Bb7 8. cxb4
Bxe4 9. Nc3 Qxb4 10. Ra4 a5 11. Rxb4 axb4 12. Nxe4 Ra1 13. Bd3 Ne7 14. O-O O-O
15. Qb3 d5 16. Neg5 g6 17. Qxb4 Re8 18. Bf4 Rxf1+ 19. Kxf1 h6 20. Nh3 Nf5 21.
Bxc7 Nd7 22. Ne5 Nxe5 23. dxe5 g5 24. b6 Re7 25. b7 Kg7 26. b8=Q f6 27. exf6+
Kxf6 28. Be5+ Kg6 29. Qg8+ Kh5 30. Be2+ g4 31. Nf4+ Kh4 32. Qxg4# 1-0